Mumbai kannada darshana (Record no. 215315)
[ view plain ]
| 000 -LEADER | |
|---|---|
| fixed length control field | 00669nam a2200217Ia 4500 |
| 003 - CONTROL NUMBER IDENTIFIER | |
| control field | OSt |
| 005 - DATE AND TIME OF LATEST TRANSACTION | |
| control field | 20251126141823.0 |
| 008 - FIXED-LENGTH DATA ELEMENTS--GENERAL INFORMATION | |
| fixed length control field | 210719s2010 xx 000 0 und d |
| 040 ## - CATALOGING SOURCE | |
| Transcribing agency | al |
| 041 ## - LANGUAGE CODE | |
| Language code of text/sound track or separate title | kan |
| 082 ## - DEWEY DECIMAL CLASSIFICATION NUMBER | |
| Classification number | K894.8 RAVM |
| 100 ## - MAIN ENTRY--PERSONAL NAME | |
| Personal name | RAV (H B L) Ed |
| 9 (RLIN) | 199551 |
| Dates associated with a name | ರಾವ್ (ಹೆಚ್ ಬಿ ಎಲ್) |
| 245 ## - TITLE STATEMENT | |
| Title | Mumbai kannada darshana |
| Remainder of title | ಮುಂಬಯಿ ಕನ್ನಡ ದರ್ಶನ |
| 260 ## - PUBLICATION, DISTRIBUTION, ETC. | |
| Place of publication, distribution, etc. | Navi Mumbai |
| Name of publisher, distributor, etc. | Kannada Sahitya Parishattu |
| Date of publication, distribution, etc. | 2010 |
| 300 ## - PHYSICAL DESCRIPTION | |
| Extent | 154 |
| Other physical details | PB |
| 365 ## - TRADE PRICE | |
| Price amount | 150 |
| Currency code | Rs |
| 650 ## - SUBJECT ADDED ENTRY--TOPICAL TERM | |
| Topical term or geographic name entry element | Kannada literature |
| 9 (RLIN) | 199552 |
| 650 ## - SUBJECT ADDED ENTRY--TOPICAL TERM | |
| Topical term or geographic name entry element | Kannada Miscellaneous |
| 9 (RLIN) | 199553 |
| 906 ## - LOCAL DATA ELEMENT F, LDF (RLIN) | |
| a | darshana ; kannaDa ; Mumbayi |
| 942 ## - ADDED ENTRY ELEMENTS (KOHA) | |
| Source of classification or shelving scheme | Dewey Decimal Classification |
| Koha item type | Book |
| Withdrawn status | Lost status | Source of classification or shelving scheme | Damaged status | Not for loan | Collection code | Home library | Current library | Date acquired | Source of acquisition | Cost, normal purchase price | Total Checkouts | Full call number | Barcode | Date last seen | Price effective from | Koha item type |
|---|---|---|---|---|---|---|---|---|---|---|---|---|---|---|---|---|
| Dewey Decimal Classification | Kannada | St Aloysius Library | St Aloysius Library | 05/09/2011 | Prof E Vi NavaDa, kannaDa vishvavidyAlaya, hampi | 150.00 | K894.8 RAVM | D03932 | 07/19/2021 | 07/19/2021 | Donated Books |